Creacion de la gobernacion de la patagonia /

Guardado en:
Autor Principal: Laria, Salvador C.
Formato: Libro
Publicado: Mendoza : , 1958
Materias:
Etiquetas: Agregar Etiqueta
Sin Etiquetas, Sea el primero en etiquetar este registro!
LEADER 00476nam a22001575a 4500
001 EHU.bham015197
003 AR-BHAM
005 20100406201356.0
008 130507s1958##################000#0#####d
082 9 8 |a 982.7 
100 1 |a Laria, Salvador C. 
245 1 0 |a Creacion de la gobernacion de la patagonia /  |c Salvador C. Laria 
260 |a Mendoza :  |b ,  |c 1958 
300 |a 10 p. 
653 |a Historia de argentina-patagonia 
859 |a AR-BHAM  |b BIB. HUMANIDADES - General  |h 982.7  |i L324  |p 781.59  |t Ej.1